000 01077nam a22002897a 4500
003 DO-SdBNP
005 20210831115334.0
007 ta
008 210830b2020 a|||| |||| 00| 0 spa
040 _aDO-SdBNP
_bspa
_cBNPHU
082 4 _222
_a853.92
_bST857m
100 _aStilton, Geronimo
_d1958
_979656
245 _aLas mil maravillas :
_bun viaje al descubrimiento de Italia /
_cGeronimo Stilton ; ilus. Ivan Bigarella ; trad. Miguel García.
247 _aTítulo original . Mille Meraviglie. Viaggio alla scoperta dell´ Italia.
260 _aMilán - Italia :
_bPiemme,
_c2020.
300 _a221 p. :
_bil.;
_c22 cm.
500 _aIncluye índice
500 _aBasado en una idea original de Elisabetta Dami.
500 _aTítulo original . Mille Meraviglie. Viaggio alla scoperta dell´ Italia.
590 _aInventariado, 2021 / SA
650 0 _940243
_aLiteratura Italiana
650 4 _aNarrativa Italiana
_979670
700 1 _aBigarella, Ivan
_eilustrador
_979657
700 1 _aGarcía, Miguel
_eTraductor
_979658
910 _aSaquino
942 _2ddc
_cLBS1
999 _c50341
_d50341